Регионална библиотека "Любен Каравелов" - Русе

На Западния фронт нищо ново | Обратният път (Запис номер 185960)

MARC детайли
000 -Лидер
Контролно поле с фиксирана дължина 01780nam a2200385 c 4500
003 - Код на организацията, давaща контролен номер
Контролно поле BLK
005 - Дата и час на последна редакция
Контролно поле 20250331170650.0
008 - Елементи от данни с фиксирана дължина
fixed length control field 180411b bul|||||r ||||||| ||bul||
010 ## - Наследен системен номер
LC control number KNG00194954000
020 ## - Международен стандартен номер на книга ISBN
Международен стандартен номер на книга ISBN 978-954-28-2173-1
-- издат.: Сиела Норма
040 ## - Източник на каталожния запис
Идентификатор на билиотеката - собственик на записа BLK
041 ## - Код за език
Код за езика на текст/звукозапис или на отделно заглавие Български
Код за езика КДБФ Български
072 #7 - Код за тематичната категория
Код организация bullib
Код за тематична категория Н83
Текст Чужда художествена литература Н
080 ## - УДК
Текстов определител УДК Немска литература
УДК код - определител по УДК 821.112.2
УДК определител -31
УДК - код + определител 821.112.2-31
100 1# - Редна дума - Автор
Автор Ремарк, Ерих Мария
Авторска отговорност първи автор
Автор - информация (биография) Ремарк, Ерих Паул
R(LIN) 257978
139 ## - Редно поле
Редна дума Ремарк, Ерих Мария
Авторски знак Рем - Р 51
245 10 - Сведения за заглавието
Заглавие На Западния фронт нищо ново
Редно поле (дума) Ерих Мария Ремарк; прев. от нем. Никола Георгиев; прев. от нем. Емилия Владимирова Драганова.
245 10 - Сведения за заглавието
Заглавие Обратният път
Подзаглавни данни романи
Редно поле (дума)
250 ## - Област на изданието
Сведения за изданието 2. изд.
257 ## - Страна на издаване
Страна на създаване/издаване Германия
260 ## - Област на издателските данни
-- София
Име на издателя, разпространителя и проч. Сиела Норма
Година на издаване 2016
Печатница В. Търново : Абагар
300 ## - Физическа характеристика
Страници 520 с.
Размери/Мащаб 22 см
380 ## - Жанр
Жанр Худож. лит.
500 ## - Общи забележки
Забележка Ориг. загл. Im Westen nichts Neues ; Der Weg zuruck / Erich Maria Remargue. - 1. изд. 1989 на ОФ.
653 ## - Ключова дума – ненормативна
Ключова дума романи
659 ## - Тематичен бюлетин
Тематичен бюлетин Н
700 1# - Други автори (авторска отговорност)
Лично име Георгиев, Никола
Автороска отговорност (Описва отношението между автора и произведението) прев. от нем.
Друга информация Андреев, Никола Георгиев
9 (RLIN) 364530
700 1# - Други автори (авторска отговорност)
Лично име Драганова, Емилия Владимирова
Автороска отговорност (Описва отношението между автора и произведението) прев. от нем.
9 (RLIN) 370749
852 ## - Местоположение
Форматна сигнатура Цб 282970
856 4# - Електронен адрес и достъп
Електронен формат pdf - файл
Път до файла /url/
856 4# - Електронен адрес и достъп
Електронен формат pdf - файл
Път до файла /url/
942 ## - АРТИКУЛИ
Вид на библиотечния материал Книги
Скрит в OPAC Не
Koha issues (borrowed), all copies 33
944 ## - СЪЗДАВАНЕ И РЕДАКЦИЯ на ЗАПИСА
Създаване/Редакция Създаване
Дата на регистрацията/редакция 02.11.2016
Статус, дата на статуса Цветомила Тодорова
Служител, извършил регистрацията/редакцията 30576
944 ## - СЪЗДАВАНЕ И РЕДАКЦИЯ на ЗАПИСА
Създаване/Редакция Редакция
Дата на регистрацията/редакция 05.12.2016
Статус, дата на статуса ф /
Служител, извършил регистрацията/редакцията Людмила_Стоянова
999 ## - СИСТЕМНИ КОНТРОЛНИ НОМЕРА
Koha biblionumber 185960
Koha biblioitemnumber 185960
Наличности
Код за отписване Код за изгубен артикул Източник на класификационната схема Код за повреда Коз за рестрикции Код за отдаване Артикулен № Име на библиотеката - собственик Име на библиотеката, в която се намира в момента Статус (Текущо местоположение) Дата на вписване в системата Местоположение - отдел Цена в лева Инвентарен номер Систематично азбучна сигнатура Баркод Номер на екземпляра Цена в евро Служебна бележка Служебен тип на артикула
  Не е изгубен Universal Decimal Classification Не е повреден без рестрикции заемане за дома 323117 Регионална библиотека "Любен Каравелов" Русе Регионална библиотека "Любен Каравелов" Русе Заемна - подръчен фонд 2016-11-03 Заемна - подръчен фонд 9.46 120000805419 П 830-31/Р 51 120000805419 1 4.84 Дост: Pk Вид: Ф N: 1484 Дата: 01.11.2016 Дата инв: 12.02.2018 Бележки инв: П2018 Книги
  Не е изгубен Universal Decimal Classification Не е повреден   заемане за дома 772457 Регионална библиотека "Любен Каравелов" Русе Регионална библиотека "Любен Каравелов" Русе Заемна - подръчен фонд 2020-05-28 Заемна - подръчен фонд 9.46 120000843518 821-31/Р 51 Е 120000843518   4.84   Книги
  Не е изгубен Universal Decimal Classification Не е повреден само за читалня ползва се в читалня 772459 Регионална библиотека "Любен Каравелов" Русе Регионална библиотека "Любен Каравелов" Русе Хранилище 2020-05-28 Основен фонд - ползва се само за читалня 9.46 120000843520 Цб 324816 120000843520   4.84   Книги
  Не е изгубен Universal Decimal Classification Не е повреден   заемане за дома 772462 Регионална библиотека "Любен Каравелов" Русе Регионална библиотека "Любен Каравелов" Русе Заемна - подръчен фонд 2020-05-28 Заемна - подръчен фонд 9.45 120000843519 821-31/Р 51 Е 120000843519   4.83   Книги
Vip Innovations Ltd, Rousse, Bulgaria 2025